Rosco de Pasapalabra #3 - Estadísticas

Estadísticas generales
  • Esta prueba ha sido intentada 6.171 veces
  • La puntuación promedio es 11 de 25
Estadísticas de respuestas
Inicial Definición Respuesta % Correcto
B Abertura delantera de un pantalón Bragueta
80%
D Documento que expide un centro educativo o una corporación y que acredita un título o un grado académico Diploma
77%
Contiene la Q Se dice del triángulo que tiene todos sus lados iguales Equilátero
77%
Contiene la Ñ En fútbol, acción en la que se sortea a un contrario pasándole el balón entre las piernas Caño
75%
H Masa de harina con manteca, muy sobada y que, al cocerse en el horno, forma muchas hojas delgadas superpuestas Hojaldre
74%
R Satisfacción a una pregunta, duda o dificultad Respuesta
69%
P Juego que consiste en tirar unas bolas y otra más pequeña, y ver quién se aproxima más a ésta con las grandes Petanca
66%
U Lugar en que está situado algo Ubicación
66%
A Mecanismo para esparcir un líquido a presión, como el agua para el riego Aspersor
64%
G País asiático con capital en Tiflis Georgia
64%
L Daño o detrimento corporal causado por una herida, un golpe o una enfermedad Lesión
50%
S Instrumento de viento hecho con una caña y usado en el jazz y la música moderna Saxofón
39%
I Esperanza cuyo cumplimiento parece especialmente atractivo Ilusión
33%
C Galería que rodea el patio principal de una iglesia o convento Claustro
32%
T Cada paso o gestión que se establece de manera oficial para la conclusión o resolución de un asunto Trámite
29%
V Casa de recreo aislada en el campo Villa
28%
F Brillo muy intenso Fulgor
26%
Contiene la X Enunciado o conjunto coherente de enunciados orales o escritos Texto
25%
N Insignificante, sin importancia Nimio
21%
Z Macho de la abeja, que no trabaja y fecunda a la reina Zángano
21%
Contiene la Y Máquina o conjunto de máquinas que sirven para cambiar los decorados en el escenario de un teatro Tramoya
11%
O Cerro aislado que domina un llano Otero
10%
J Soldado de infantería de la Guardia Imperial turca, reclutado a menudo entre hijos de cristianos Jenízaro
7%
M Matemático alemán del siglo XIX conocido por una superficie no orientable que lleva su nombre Möbius
4%
E Nombre del rey visigodo que gobernó entre los años 687 y 702, y limitó la actividad económica de los judíos Égica
2%
No se encontraron pruebas coincidentes
Distribución de puntuación
Porcentaje de gente con cada puntuación
Porcentaje por número respondido
Historial de tus puntuaciones
No has intentado esta prueba.